00641 2200193 4500001002100000005001700021008004100038035002500079082000800104090001800112110003200130245010000162260003300262300003000295500006800325650002400393850001200417990001800429YOGYA-0209000000758120150420164059.0 ind  a0010-020900000007581 a352 aRQ 352bYog A aYOGYAKARTA. Daerah Istimewa aAturan main proses dan Prosedur pelayanan pemerintahbLaporan utamacPemerintah Kota Yogyakarta aYogyakaratabPemerintah Kota axvi, 296 hlmbilusc30 cm aBekerja sama dengan Yogyakarta Urban Development Project - YUDP aPemerintahan Daerah aYOPDYOG a349-BPAD/A.04